Informationen zum Bibliotheksbau /

Uložené v:
Podrobná bibliografia
Ďalší autori: Künzl, Franz (Editor)
Médium: Kniha
Jazyk:German
Vydané: Pullach bei München : Verlag Dokumentaton, 1974.
Vydanie:1. Aufl.
Edícia:Bibliothekspraxis Bd. 12
ISBN: (viaz.)
Fyzický popis: 176 s.
Tagy: Pridať tag
Žiadne tagy, Buďte prvý kto otaguje tento záznam!

MARC

LEADER 00000nam a2200000 a 4500
001 000117618
005 20091230185635.0
008 980105s1974 gw f ger d
020 |a (viaz.) 
040 |a SVKKK  |b slo  |c SVKKK  |e AACR2 
041 0 |a qer 
044 |a qw  |c DE 
245 0 0 |a Informationen zum Bibliotheksbau /  |c Franz Künzl ... [et al.]. 
250 |a 1. Aufl. 
260 |a Pullach bei München :  |b Verlag Dokumentaton,  |c 1974. 
300 |a 176 s. 
490 1 |a Bibliothekspraxis ;  |v Bd. 12 
700 1 |a Künzl, Franz  |4 edt 
830 0 |a Bibliothekspraxis  |v Bd. 12 
910 |a svkkk 
998 |a BK 
090 |g SCKHL  |k Sklad Pribinova 2. posch.  |a III.110436  |j 549305  |i 2720677566  |s Absenčne